| 000 | 00359nam a22001457a 4500 | ||
|---|---|---|---|
| 008 | 241007b ||||| |||| 00| 0 eng d | ||
| 020 | _aINSTITUTI ALBANALOGJIK | ||
| 041 | _aSHQIP | ||
| 080 |
_22018 _a38.1IAP |
||
| 082 | _a38.1IAP | ||
| 100 | _a38 | ||
| 101 | _aGJUHA SHQIPE | ||
| 245 |
_aGJUHA SHQIPE _cINSTITUTI ALBANOLOGJIK PRISHTINE |
||
| 942 |
_2udc _cBK |
||
| 999 |
_c60629 _d60629 |
||